00658cam a22002411 4500001001300000003000400013005001700017008004100034010001700075035002000092040001800112042001200130050001900142100003500161245006800196260001000264300002600274500001400300504004200314650002100356650002200377999001700399sa 67005110 DLC20260227112354.0891010s1966 ii b 000 0 hino  asa 67005110  a(OCoLC)20463364 aDLCcWaUdDLC apremarc00aPN6519.H55bD31 aDakshina Murthy, N. S.,d1934-10aHindī aura Telugu kahāvatoṃ kā tulanātmaka adhyayana. c1966. a9, 297, 32 p.c22 cm. aIn Hindi. aBibliography: p. [25]-27 (last group) 0aProverbs, Hindi. 0aProverbs, Telugu. c74973d74973